[Event "FRA-ch U20"]
[Site "Troyes"]
[Date "2010.04.14"]
[Round "5"]
[White "Morlino, Jean Baptiste"]
[Black "Bressac, Stephane"]
[Result "1-0"]
[WhiteElo "2013"]
[BlackElo "2197"]
[PlyCount "79"]
[EventDate "2010.04.11"]
[EventType "swiss"]
[EventRounds "9"]
[EventCountry "FRA"]
[SourceTitle "EXT 2012"]
[Source "ChessBase"]
[SourceDate "2011.11.24"]
[SourceVersion "1"]
[SourceVersionDate "2011.11.24"]
[SourceQuality "1"]

1. e4 e6 2. d4 d5 3. Nd2 Nc6 4. c3 e5 5. dxe5 dxe4 6. Bb5 Qd5 7. Qb3 Qxe5 8. Bxc6+ bxc6 9. Qc4 Qd5 10. Qxe4+ Be6 11. Ngf3 Nf6 12. Qa4 Bd6 13. 0-0 0-0 14. Re1 a5 15. Ne4 Nxe4 16. Rxe4 Bf5 17. Rd4 Qe6 18. Bf4 Bc5 19. Rc4 Bb6 20. Re1 Qd5 21. Qxc6 Be6 22. Qxd5 Bxd5 23. Ra4 Rfe8 24. c4 Rxe1+ 25. Nxe1 Re8 26. Be3 Re4 27. b3 Bc6 28. Ra3 f5 29. Nc2 Rg4 30. g3 Bf3 31. c5 Ba7 32. Rxa5 Bb8 33. Nd4 Bd5 34. Nxf5 Re4 35. b4 Kf7 36. Nd4 c6 37. Ra6 h5 38. Nxc6 Rc4 39. Nxb8 Rxb4 40. Rb6 1-0